Sports Quiz

Random Sports or NFL Quiz

1st Round Hall of Fame QBs Quiz Stats

 Plays Quiz Updated Jul 14, 2016

Challenge
Share
Tweet
Embed
Score 0/6 Timer 02:00
1 Play Today
Year Inducted Quarterback % Correct
2005Dan Marino
91%
2004John Elway
84.3%
2006Troy Aikman
68.5%
1989Terry Bradshaw
66.5%
2002Jim Kelly
58.9%
1990Bob Griese
32.3%

You're not logged in!

Compare scores with friends on all Sporcle quizzes.
OR
Log In

You Might Also Like...

Show Comments

Extras

Top Quizzes Today


Score Distribution

Your Account Isn't Verified!

In order to create a playlist on Sporcle, you need to verify the email address you used during registration. Go to your Sporcle Settings to finish the process.

Report this User

Report this user for behavior that violates our Community Guidelines.

Details: